[Event "Xtracon Chess Open 2017"]
[Site "Helsingor DEN"]
[Date "2017.07.29"]
[Round "9.65"]
[White "Jensen, Thore Nyboe"]
[Black "Stojanovski, Sandi"]
[Result "0-1"]
[BlackTitle "FM"]
[WhiteElo "2016"]
[BlackElo "2268"]
[WhiteFideId "1405349"]
[BlackFideId "1403249"]
[EventDate "2017.07.22"]

1. e4 c5 2. Nf3 Nc6 3. Bb5 g6 4. O-O Bg7 5. Re1 Nf6 6. c3 O-O 7. d4 cxd4 8. cxd4
d5 9. e5 Ne4 10. h3 Qb6 11. Bxc6 bxc6 12. Nbd2 c5 13. Nxe4 dxe4 14. dxc5 Qc6 15.
Ng5 Bxe5 16. Rxe4 Bb7 17. f3 Bf6 18. Rc4 Ba6 19. Rc2 Rad8 20. Rd2 Qxc5+ 21. Kh1
Rxd2 22. Qxd2 Qb5 23. Ne4 Qf1+ 24. Kh2 Be5+ 25. f4 Bg7 26. Nc5 Bb5 27. Rb1 Bc6
28. b4 Bd4 29. Kg3 e5 30. Qc2 Qe1+ 31. Kg4 f5+ 0-1

[Event "Xtracon Chess Open 2017"]
[Site "Helsingor DEN"]
[Date "2017.07.29"]
[Round "9.66"]
[White "Christensen, Thomas2"]
[Black "Crevatin, Leo"]
[Result "1-0"]
[WhiteElo "2229"]
[BlackElo "2044"]
[WhiteFideId "1407635"]
[BlackFideId "1726307"]
[EventDate "2017.07.22"]

1. d4 d5 2. e4 dxe4 3. Nc3 Nf6 4. f3 exf3 5. Nxf3 Bf5 6. Ne5 e6 7. g4 Bg6 8. Qf3
c6 9. g5 Nfd7 10. Nxg6 hxg6 11. Bd2 Nb6 12. O-O-O Bd6 13. h4 Nd5 14. Ne4 Bc7 15.
h5 gxh5 16. g6 Qe7 17. c4 Nb6 18. Ng5 Qf6 19. gxf7+ Ke7 20. Qa3+ Bd6 21. c5 1-0

[Event "Xtracon Chess Open 2017"]
[Site "Helsingor DEN"]
[Date "2017.07.29"]
[Round "9.67"]
[White "Heimisson, Hilmir Freyr"]
[Black "Moestrup, Jorn"]
[Result "1-0"]
[WhiteElo "2215"]
[BlackElo "2034"]
[WhiteFideId "2309998"]
[BlackFideId "1403680"]
[EventDate "2017.07.22"]

1. e4 c5 2. Nf3 Nf6 3. e5 Nd5 4. c4 Nc7 5. Be2 Nc6 6. O-O g6 7. Re1 Bg7 8. Bf1
O-O 9. Nc3 b6 10. d4 cxd4 11. Nxd4 Nxd4 12. Qxd4 d6 13. Bf4 dxe5 14. Qxd8 Rxd8
15. Bxe5 Bxe5 16. Rxe5 Be6 17. b4 Rd4 18. Re4 Rad8 19. Rxd4 Rxd4 20. Rd1 Rxd1
21. Nxd1 Kf8 22. Nc3 Ke8 23. f3 Bd7 24. Kf2 e5 25. Ke3 Ke7 26. g4 f5 27. g5 Kd6
28. h4 Bc6 29. Bd3 Ne6 30. Ne2 Be8 31. f4 Bc6 32. Bc2 a5 33. a3 axb4 34. axb4
Bd7 35. Bb3 e4 36. Nc3 Nc7 37. Ne2 Ne6 38. Ba2 Bc8 39. Nc3 Nc7 40. Kd4 Ne6+ 41.
Ke3 Nc7 42. Bb3 Bd7 43. Ne2 Ne6 44. Nd4 Nc7 45. Ba2 Na6 46. c5+ bxc5 47. bxc5+
Nxc5 48. Bg8 Ke7 49. Bxh7 Kf7 50. h5 gxh5 51. Nxf5 Ne6 52. Nh4 Nf8 53. Bxe4 Kg7
54. Kd4 Ne6+ 55. Ke5 Nc5 56. Bc2 Ne6 57. Bd1 1-0

[Event "Xtracon Chess Open 2017"]
[Site "Helsingor DEN"]
[Date "2017.07.29"]
[Round "9.68"]
[White "Laustsen, Lars"]
[Black "Magnusson, Magnus"]
[Result "1-0"]
[WhiteElo "2204"]
[BlackElo "2005"]
[WhiteFideId "1407554"]
[BlackFideId "2302128"]
[EventDate "2017.07.22"]

1. d4 Nf6 2. c4 e6 3. g3 Bb4+ 4. Bd2 Qe7 5. Bg2 Bxd2+ 6. Qxd2 d6 7. e4 Nbd7 8.
Ne2 e5 9. O-O h6 10. Nbc3 g5 11. Nd5 Nxd5 12. cxd5 c5 13. dxc6 bxc6 14. Rac1 Bb7
15. Rfd1 Nf8 16. Qa5 Ng6 17. d5 Rc8 18. Bh3 Rc7 19. dxc6 Rxc6 20. Rxc6 Bxc6 21.
Qb4 O-O 22. Rxd6 Qb7 23. Qc4 Ne7 24. Nc3 Kg7 25. b4 a6 26. Qc5 f6 27. Nd5 Bb5
28. Rb6 Qa7 29. Nxe7 1-0

[Event "Xtracon Chess Open 2017"]
[Site "Helsingor DEN"]
[Date "2017.07.29"]
[Round "9.69"]
[White "Kristiansen, Willy"]
[Black "Quinones-Maletti, Julio Guillerm"]
[Result "1/2-1/2"]
[WhiteElo "2041"]
[BlackElo "2200"]
[WhiteFideId "1504525"]
[BlackFideId "1462318"]
[EventDate "2017.07.22"]

1. d4 Nf6 2. c4 g6 3. g3 Bg7 4. Bg2 O-O 5. Nc3 d6 6. Nf3 Nc6 7. O-O a6 8. Qd3 e5
9. dxe5 dxe5 10. Qxd8 Rxd8 11. Bg5 Be6 12. Nd2 h6 13. Bxf6 Bxf6 14. Nd5 Bxd5 15.
cxd5 Nb4 16. e4 c6 17. a3 Nc2 18. Rac1 Nd4 19. Rfe1 Bg5 20. Rcd1 Nc2 21. Re2 Nd4
22. Ree1 Rac8 23. Nf3 Nxf3+ 24. Bxf3 h5 25. h4 Be7 26. dxc6 Rxc6 27. Rxd8+ Bxd8
28. Rd1 Bb6 29. Rd2 Bd4 30. Bd1 Rc1 31. Kg2 Rb1 32. b3 b5 33. a4 b4 34. Kf3 Rc1
35. Bc2 Kf8 36. Kg2 Ke7 37. Bd3 Rc3 38. Bc2 Kd6 39. Bd1 Ke7 40. Bc2 Kf8 41. Kf1
a5 42. Ke2 Kg7 43. Bd1 Kh6 44. Bc2 f6 45. Bd1 Kg7 46. Rc2 Kh6 47. Rxc3 bxc3 48.
f4 exf4 49. gxf4 Kg7 50. f5 Kh6 51. fxg6 Kxg6 52. Kd3 Bf2 53. Kxc3 Bxh4 54. Kd3
Be1 55. Ke2 Bb4 56. Kf3 Kg5 57. Be2 Bd2 58. Bc4 h4 59. Be6 Bf4 60. Bf5 Bg3 61.
Bh3 Kh6 62. Be6 Kg7 63. Kg4 Kf8 64. Bf5 Ke7 65. Kh3 Kd6 66. Bh7 Kc5 67. Bg6 Kd4
68. Bh7 Kc3 69. Bg8 Kd4 70. Bh7 Ke3 71. Bg6 Be1 1/2-1/2

[Event "Xtracon Chess Open 2017"]
[Site "Helsingor DEN"]
[Date "2017.07.29"]
[Round "9.70"]
[White "Christiansen, Arne"]
[Black "Jorgensen, Dennis"]
[Result "1/2-1/2"]
[WhiteElo "2040"]
[BlackElo "2197"]
[WhiteFideId "1402013"]
[BlackFideId "1408380"]
[EventDate "2017.07.22"]

1. d4 Nf6 2. c4 e6 3. Nf3 b6 4. g3 Ba6 5. Qa4 Bb7 6. Bg2 Be7 7. O-O O-O 8. Nc3
Ne4 9. Nxe4 Bxe4 10. Bf4 a5 11. Ne1 Bxg2 12. Kxg2 Qc8 13. f3 Nc6 14. Nc2 1/2-1/2

[Event "Xtracon Chess Open 2017"]
[Site "Helsingor DEN"]
[Date "2017.07.29"]
[Round "9.71"]
[White "Skovgaard, Ib"]
[Black "Grove, Peter"]
[Result "0-1"]
[WhiteElo "2016"]
[BlackElo "2182"]
[WhiteFideId "1406760"]
[BlackFideId "1411101"]
[EventDate "2017.07.22"]

1. e4 c5 2. Nf3 Nc6 3. d4 cxd4 4. Nxd4 g6 5. c4 Bg7 6. Be3 d6 7. Nc3 Nh6 8. f3
f5 9. Nxc6 bxc6 10. c5 fxe4 11. cxd6 exd6 12. Bd4 Bxd4 13. Qxd4 O-O 14. Bc4+ d5
15. Nxd5 cxd5 16. Qxd5+ Nf7 17. Qxa8 Qa5+ 18. Kf1 exf3 19. Qd5 fxg2+ 20. Qxg2
Kg7 21. Qd5 Qb6 22. Re1 Ng5+ 23. Ke2 Bg4+ 24. Kd2 Rd8 25. Re7+ Kh6 26. h3 Rxd5+
27. Bxd5 Qd4+ 28. Kc1 Qc5+ 0-1

[Event "Xtracon Chess Open 2017"]
[Site "Helsingor DEN"]
[Date "2017.07.29"]
[Round "9.72"]
[White "Guindy, Esmat Susanne"]
[Black "Quinn, David"]
[Result "1-0"]
[WhiteTitle "WFM"]
[WhiteElo "2158"]
[BlackElo "2001"]
[WhiteFideId "1401637"]
[BlackFideId "2401452"]
[EventDate "2017.07.22"]

1. d4 Nf6 2. Nf3 g6 3. c4 Bg7 4. g3 O-O 5. Bg2 d6 6. O-O Nc6 7. Nc3 a6 8. Qd3
Rb8 9. h3 Bd7 10. Be3 b5 11. cxb5 axb5 12. d5 Nb4 13. Qd2 c5 14. dxc6 Nxc6 15.
Rac1 Qa5 16. Ne1 Rfc8 17. a3 Ne5 18. Nb1 Qa4 19. Bd4 Nc4 20. Qd1 Nb6 21. Rxc8+
Rxc8 22. b3 Qa6 23. Nc2 Ne8 24. Nb4 Qa5 25. Bxg7 Nxg7 26. e4 Be6 27. Re1 Nd7 28.
Re3 Kf8 29. Kh2 Ne8 30. f4 Qa7 31. Rd3 Nc5 32. Rc3 Nf6 33. e5 Ne8 34. Nc6 Qb6
35. Nd4 Rd8 36. b4 Na4 37. Rc6 Qb8 38. exd6 exd6 39. f5 Bd7 40. fxg6 hxg6 41.
Qd2 Kg8 42. Qg5 Kg7 43. Nd2 Nf6 44. Qf4 Rh8 45. Rxd6 Ng4+ 46. Kg1 1-0

[Event "Xtracon Chess Open 2017"]
[Site "Helsingor DEN"]
[Date "2017.07.29"]
[Round "9.73"]
[White "Eriksson, Christian Altenburg"]
[Black "Fossan, Andreas"]
[Result "1-0"]
[WhiteElo "2156"]
[BlackElo "1998"]
[WhiteFideId "1412159"]
[BlackFideId "1516108"]
[EventDate "2017.07.22"]

1. e4 e6 2. d4 d5 3. e5 c5 4. c3 Nc6 5. Nf3 Bd7 6. Be2 Nge7 7. O-O Ng6 8. g3 Be7
9. h4 cxd4 10. cxd4 O-O 11. h5 Nh8 12. Nbd2 f6 13. exf6 Bxf6 14. Nb3 Nf7 15. Be3
Nd6 16. Rc1 Be8 17. h6 Bh5 18. Nc5 Bxf3 19. Bxf3 Qe7 20. Bg4 Nd8 21. Qe2 Nf5 22.
Bxf5 exf5 23. Qf3 Qf7 24. Qxf5 g6 25. Qg4 Nc6 26. Nxb7 Nxd4 27. Nd6 Qe7 28. Bxd4
Qxd6 29. Bc5 Qe5 30. Bxf8 Rxf8 31. Rc8 Qxb2 32. Qe6+ Kh8 1-0

[Event "Xtracon Chess Open 2017"]
[Site "Helsingor DEN"]
[Date "2017.07.29"]
[Round "9.74"]
[White "Nettelbeck, Jann"]
[Black "Preuss, Flemming"]
[Result "0-1"]
[WhiteElo "1790"]
[BlackElo "1986"]
[WhiteFideId "12975672"]
[BlackFideId "1403338"]
[EventDate "2017.07.22"]

1. d4 f5 2. Bg5 g6 3. Nd2 Bg7 4. Ngf3 Nf6 5. Bxf6 exf6 6. e4 fxe4 7. Nxe4 d5 8.
Ned2 O-O 9. Be2 Be6 10. O-O Nc6 11. c3 Qd6 12. Bd3 Rae8 13. Qc2 Re7 14. b4 Nb8
15. a4 c6 16. h3 Kh8 17. Nb3 b6 18. a5 Rc8 19. axb6 axb6 20. Ra8 Rec7 21. Rfa1
Bf8 22. R1a7 Rxa7 23. Rxa7 Nd7 24. Qe2 Re8 25. Qc2 Kg7 26. Qa2 Kf7 27. Qc2 Be7
28. Qd2 Kg7 29. Qa2 f5 30. Qe2 Bf6 31. Ne5 Re7 32. f4 h6 33. g4 Bxe5 34. fxe5
Qb8 35. Ra1 fxg4 36. hxg4 Rf7 37. Kg2 Qf8 38. Qc2 Rf4 39. Kh2 Rf2+ 0-1

[Event "Xtracon Chess Open 2017"]
[Site "Helsingor DEN"]
[Date "2017.07.29"]
[Round "9.75"]
[White "Thybo, Thomas Sondergaard"]
[Black "Deur Saric, Zrinka"]
[Result "0-1"]
[BlackTitle "WFM"]
[WhiteElo "1999"]
[BlackElo "2152"]
[WhiteFideId "1441299"]
[BlackFideId "14512670"]
[EventDate "2017.07.22"]

1. e4 c5 2. Nc3 Nc6 3. g3 g6 4. Bg2 Bg7 5. d3 e6 6. Nge2 Nge7 7. O-O O-O 8. Be3
Nd4 9. f4 d6 10. Rb1 Nec6 11. a3 a5 12. Kh1 Rb8 13. a4 Nb4 14. Rc1 Bd7 15. Bxd4
cxd4 16. Nb5 Qb6 17. Nbxd4 Bxa4 18. b3 Bd7 19. c3 Na2 20. f5 Nxc1 21. Qxc1 e5
22. Nc2 f6 23. g4 Qxb3 24. h4 Kh8 25. Ne3 Bc6 26. Ng3 Qf7 27. g5 Qe7 28. Ng4 Bd7
29. Bh3 d5 30. Rf2 dxe4 31. dxe4 Rbd8 32. Qf1 fxg5 33. h5 gxf5 34. exf5 e4 35.
c4 e3 36. f6 Bxf6 37. Rxf6 Rxf6 0-1

[Event "Xtracon Chess Open 2017"]
[Site "Helsingor DEN"]
[Date "2017.07.29"]
[Round "9.76"]
[White "Samaganova, Alexandra"]
[Black "Nilsson, Patrik1"]
[Result "1-0"]
[WhiteElo "1992"]
[BlackElo "2152"]
[WhiteFideId "13800221"]
[BlackFideId "1708171"]
[EventDate "2017.07.22"]

1. c4 f5 2. Nc3 Nf6 3. g3 g6 4. Bg2 Bg7 5. e3 O-O 6. Nge2 d6 7. O-O Nc6 8. Rb1
e5 9. d3 Ne7 10. b4 c6 11. b5 d5 12. bxc6 bxc6 13. cxd5 cxd5 14. Ba3 Re8 15. Qb3
Be6 16. d4 e4 17. Rfc1 Qd7 18. Na4 Nc6 19. Nc5 Qc8 20. Qa4 Nd7 21. Nb7 Nb6 22.
Qxc6 Qxc6 23. Rxc6 Nc4 24. Bc5 Rab8 25. Nc3 Nd2 26. Rd1 Rxb7 27. Rxd2 Bd7 28.
Ra6 Rc8 29. Ra5 Bf8 30. Bf1 Rcb8 31. Nxd5 Bc6 32. Nc3 Bg7 33. Bc4+ Kh8 34. Bb3 1-0

[Event "Xtracon Chess Open 2017"]
[Site "Helsingor DEN"]
[Date "2017.07.29"]
[Round "9.77"]
[White "Jacobsen, Per"]
[Black "Wahlgreen, Noah"]
[Result "1-0"]
[WhiteElo "1575"]
[BlackElo "1315"]
[WhiteFideId "1413856"]
[BlackFideId "1457349"]
[EventDate "2017.07.22"]

1. b3 Nf6 2. Bb2 d5 3. e3 e6 4. Nf3 Bd6 5. Be2 O-O 6. O-O Nc6 7. d4 Qe7 8. Nbd2
e5 9. c4 e4 10. Ne1 b6 11. a3 a5 12. Rc1 Ba6 13. cxd5 Na7 14. Bxa6 Nxd5 15. Bb7
Qh4 16. g3 Qh3 17. Bxd5 Kh8 18. Bxa8 f5 19. Nc4 Rf6 20. Qd2 Rh6 21. f4 1-0

[Event "Xtracon Chess Open 2017"]
[Site "Helsingor DEN"]
[Date "2017.07.29"]
[Round "9.78"]
[White "Sorensen, Bernhard W."]
[Black "Oland, Arne"]
[Result "1-0"]
[WhiteElo "1686"]
[BlackElo "1912"]
[WhiteFideId "1442074"]
[BlackFideId "1422081"]
[EventDate "2017.07.22"]

1. d4 d5 2. Bf4 Nc6 3. e3 Nf6 4. h3 e6 5. Nf3 Bd6 6. Bxd6 cxd6 7. c3 O-O 8. Bd3
Ne4 9. Nbd2 f5 10. O-O Bd7 11. Ne1 Be8 12. Nxe4 fxe4 13. Be2 Bg6 14. Bg4 Qe7 15.
b4 b6 16. Rc1 b5 17. a4 a6 18. Ra1 Na7 19. Nc2 Rfc8 20. Qd2 Be8 21. axb5 Bxb5
22. Rfc1 Bd3 23. Ne1 Bc4 24. Ra5 Nc6 25. Ra3 Nd8 26. Rca1 Rc7 27. Be2 Rca7 28.
Qc2 Qb7 29. Bg4 Bb5 30. g3 Qc6 31. Ng2 e5 32. Rc1 Rc7 33. Ne1 g6 34. Raa1 h5 35.
Be2 Bc4 36. Qd2 Ne6 37. dxe5 dxe5 38. Ra5 Rf8 39. Bxc4 dxc4 40. Rxe5 Rd7 41. Qc2
Rd3 42. Nxd3 exd3 43. Qd1 Rf3 44. Ra1 h4 45. e4 Rf6 46. gxh4 Nf4 47. Qg4 Qd6 48.
Qc8+ Rf8 49. Qxc4+ Kg7 50. Qc5 Qf6 51. Re7+ Kh8 52. Qe5 Nxh3+ 53. Kg2 Nxf2 54.
Qxf6+ Rxf6 55. Rf1 d2 56. Rd7 Nxe4 57. Rxf6 Nxf6 58. Rxd2 Kg7 59. Kf3 Kf7 60.
Rd6 1-0

[Event "Xtracon Chess Open 2017"]
[Site "Helsingor DEN"]
[Date "2017.07.29"]
[Round "9.79"]
[White "Larsen, Ulrik"]
[Black "Klings, Peter"]
[Result "0-1"]
[WhiteElo "1971"]
[BlackElo "2146"]
[WhiteFideId "1441167"]
[BlackFideId "4631234"]
[EventDate "2017.07.22"]

1. e4 c6 2. d4 d5 3. Nc3 dxe4 4. Nxe4 h6 5. Bc4 Bf5 6. Nc5 b6 7. Qf3 e6 8. Na6
Qxd4 9. Nc7+ Kd8 10. Bf4 Qxc4 11. Nxa8 Nd7 12. Ne2 Ngf6 13. Rd1 Bxc2 14. O-O Be4
15. Qg3 Qxe2 16. Bg5 hxg5 17. Qc7+ Ke8 18. Qc8+ Ke7 19. Nc7 Bd5 20. Rfe1 Qh5 21.
h3 g4 0-1

[Event "Xtracon Chess Open 2017"]
[Site "Helsingor DEN"]
[Date "2017.07.29"]
[Round "9.80"]
[White "Hviid, Hans Henrik"]
[Black "Johansen, Paul Ivar"]
[Result "1-0"]
[WhiteElo "1263"]
[BlackElo "1301"]
[WhiteFideId "1425374"]
[BlackFideId "1508024"]
[EventDate "2017.07.22"]

1. e4 c6 2. d4 d5 3. exd5 cxd5 4. Nc3 Nf6 5. Bg5 e6 6. Bb5+ Bd7 7. Nf3 a6 8.
Bxd7+ Nbxd7 9. Qe2 Be7 10. O-O O-O 11. Ne5 Re8 12. Rfe1 b5 13. Nc6 Qb6 14. Nxe7+
Rxe7 15. Bxf6 Nxf6 16. Qe5 Qc6 17. a3 Qc7 18. Qg5 Rae8 19. Re5 Nd7 20. Nxd5 Qxe5
21. Nxe7+ Kf8 22. dxe5 Rxe7 23. f4 h6 24. Qg4 g6 25. Rd1 Nc5 26. Rd8+ Kg7 27.
Qh4 Rc7 28. Qf6+ 1-0

[Event "Xtracon Chess Open 2017"]
[Site "Helsingor DEN"]
[Date "2017.07.29"]
[Round "9.81"]
[White "Nielsen, Thomas Bach2"]
[Black "Hakansson, Stefan"]
[Result "1/2-1/2"]
[WhiteElo "2144"]
[BlackElo "1976"]
[WhiteFideId "1401785"]
[BlackFideId "1708198"]
[EventDate "2017.07.22"]

1. f4 d5 2. Nf3 Bg4 3. e3 Nd7 4. h3 Bxf3 5. Qxf3 Ngf6 6. g4 e6 7. g5 Ne4 8. d3
Nd6 9. e4 c6 10. Bg2 h6 11. h4 hxg5 12. hxg5 Rxh1+ 13. Bxh1 Qb6 14. Nd2 O-O-O
15. Qf2 Qxf2+ 1/2-1/2

[Event "Xtracon Chess Open 2017"]
[Site "Helsingor DEN"]
[Date "2017.07.29"]
[Round "9.82"]
[White "Chittka, Julius"]
[Black "Henningsen, Lasse"]
[Result "1-0"]
[WhiteElo "2137"]
[BlackElo "1988"]
[WhiteFideId "12954772"]
[BlackFideId "1425315"]
[EventDate "2017.07.22"]

1. d4 Nf6 2. c4 g6 3. Nc3 d5 4. Nf3 Bg7 5. h4 c5 6. dxc5 Qa5 7. cxd5 O-O 8. Bd2
Qxc5 9. e4 Ng4 10. Qe2 e6 11. Rc1 Na6 12. Ng5 h5 13. f3 Ne5 14. Qe3 Qxe3+ 15.
Bxe3 Nb4 16. Kd2 Rd8 17. Bc5 Na6 18. Bxa6 bxa6 19. Kc2 Bd7 20. dxe6 fxe6 21.
Rhd1 Bf6 22. Bd4 Kg7 23. Kb1 Nf7 24. Bxf6+ Kxf6 25. Nxf7 Kxf7 26. Rd6 Bb5 27.
Rcd1 Rxd6 28. Rxd6 Ke7 29. e5 Bf1 30. g3 g5 31. hxg5 Rf8 32. f4 h4 33. Rd1 Bg2
34. gxh4 Rxf4 35. Rg1 Bf3 36. g6 Rg4 37. Rxg4 Bxg4 38. Kc1 Bf5 39. Kd2 Bxg6 40.
Ke3 Be8 41. Kf4 Kf7 42. Kg5 Kg7 43. Ne4 Bc6 44. Nf6 Bb5 45. h5 Bd3 46. b4 Bc4
47. a3 Bd3 48. Ne8+ Kf7 49. Nd6+ Ke7 50. h6 a5 51. bxa5 Kd7 52. Kf6 Bh7 53. Kg7
Bd3 54. h7 1-0

[Event "Xtracon Chess Open 2017"]
[Site "Helsingor DEN"]
[Date "2017.07.29"]
[Round "9.83"]
[White "Christiansen, Jens Jorgen"]
[Black "Nilssen, Ellen Fredericia"]
[Result "1/2-1/2"]
[WhiteElo "2131"]
[BlackElo "1948"]
[WhiteFideId "1401670"]
[BlackFideId "1441230"]
[EventDate "2017.07.22"]

1. d4 Nf6 2. Nf3 e6 3. g3 b5 4. a4 b4 5. c4 bxc3 6. Nxc3 Be7 7. Bg2 d5 8. O-O
O-O 9. Ne5 Nfd7 10. Nd3 Na6 11. e4 c6 12. a5 Nf6 13. Be3 dxe4 14. Nxe4 Nd5 15.
Qa4 Nab4 16. Nxb4 Bxb4 17. Nc5 Bxc5 18. dxc5 Nxe3 19. fxe3 Qg5 20. Qd4 Ba6 21.
Rfd1 Rad8 22. Qc3 Rxd1+ 23. Rxd1 Qg4 24. Qd4 Qxd4 25. Rxd4 Bb5 26. Rd7 g5 27. b4
Rc8 28. Bf1 Bxf1 29. Kxf1 Rb8 30. Rd4 e5 31. Re4 f6 32. Ke2 Rd8 33. a6 Kf7 34.
Rc4 Ke6 35. Rc1 e4 36. Rb1 Rd3 37. b5 cxb5 38. Rxb5 Ra3 39. c6 Ra2+ 40. Kd1 Kd6
41. c7 Kxc7 42. Rb7+ Kc6 43. Rxa7 Kb5 44. Rxh7 Rxa6 45. h4 Kc4 46. Rd7 gxh4 47.
gxh4 f5 48. Ke2 Rh6 49. Rd4+ Kc5 50. Rd8 Rxh4 51. Kd2 Rh6 52. Rf8 Rd6+ 53. Ke2
Rd5 54. Rc8+ Kb4 55. Rb8+ Rb5 56. Rd8 Kc4 57. Rd4+ Kc5 58. Kf2 Rb3 59. Rd8 Kc4
60. Rd4+ Kc5 61. Rd8 Rd3 62. Rf8 Rd5 63. Kg3 Kc4 64. Kf4 Kd3 65. Ra8 Ke2 66. Rh8
Kd3 67. Rf8 Ke2 68. Rh8 1/2-1/2

[Event "Xtracon Chess Open 2017"]
[Site "Helsingor DEN"]
[Date "2017.07.29"]
[Round "9.84"]
[White "Voll, Oddvar U"]
[Black "Lahlum, Hans Olav"]
[Result "0-1"]
[WhiteElo "1942"]
[BlackElo "2131"]
[WhiteFideId "1533827"]
[BlackFideId "1501348"]
[EventDate "2017.07.22"]

1. e4 e6 2. Qe2 c5 3. f4 Be7 4. Nf3 Nf6 5. d3 d5 6. Nbd2 Nc6 7. c3 O-O 8. g3 d4
9. c4 Qc7 10. e5 Nd7 11. Bh3 b6 12. O-O Bb7 13. Ne4 Rae8 14. Nfg5 Nd8 15. Qh5 h6
16. Nf3 f5 17. exf6 Nxf6 18. Qg6 Nxe4 19. dxe4 Qc6 20. e5 Rf7 21. Bd2 Qe4 22.
Qh5 g6 23. Qxh6 Rh7 0-1

[Event "Xtracon Chess Open 2017"]
[Site "Helsingor DEN"]
[Date "2017.07.29"]
[Round "9.85"]
[White "Stern, Geoffrey"]
[Black "Storme, Isak"]
[Result "0-1"]
[WhiteElo "1897"]
[BlackElo "2129"]
[WhiteFideId "4002679"]
[BlackFideId "1728113"]
[EventDate "2017.07.22"]

1. d4 Nf6 2. Nc3 d5 3. Bg5 c5 4. Bxf6 gxf6 5. e3 e6 6. Qh5 Nc6 7. Nf3 Bd7 8. Bb5
Qb6 9. O-O cxd4 10. exd4 Rc8 11. Rfe1 Be7 12. Re3 a6 13. Ba4 Qc7 14. Bb3 Qd6 15.
Rae1 f5 16. Bxd5 exd5 17. Ng5 Rf8 18. Nxh7 Rg8 19. Nxd5 Rxg2+ 20. Kxg2 Qxd5+ 21.
f3 Kd8 22. Ng5 Bxg5 23. Qxg5+ Kc7 24. Qf4+ Kb6 25. c3 Rg8+ 26. Kh1 Rg4 27. Qh6
Rg6 28. Qf4 Qxa2 29. R3e2 Qd5 30. Qe3 Ka7 31. Qd3 Be6 32. Rb1 f4 33. Qe4 Qh5 34.
Rbe1 Bd5 0-1

[Event "Xtracon Chess Open 2017"]
[Site "Helsingor DEN"]
[Date "2017.07.29"]
[Round "9.86"]
[White "Skjoldager, Per"]
[Black "Greeuw, Sietske"]
[Result "1-0"]
[WhiteElo "2126"]
[BlackElo "1964"]
[WhiteFideId "1408828"]
[BlackFideId "1020285"]
[EventDate "2017.07.22"]

1. e4 d5 2. exd5 Qxd5 3. Nc3 Qd8 4. d4 e6 5. Nf3 Nf6 6. Bd3 Be7 7. O-O Nc6 8. a3
Nd5 9. Ne2 g5 10. Re1 g4 11. Ne5 Nxe5 12. dxe5 h5 13. c4 Nb6 14. Qc2 h4 15. Bf4
Bg5 16. Rad1 Bxf4 17. Nxf4 g3 18. Be4 gxh2+ 19. Kh1 Qg5 20. Nh3 Qe7 21. c5 Nd5
22. c6 b6 23. Qd2 Ba6 24. Bxd5 O-O-O 25. Qg5 Qxg5 26. Nxg5 Rxd5 27. Rxd5 exd5
28. Nxf7 Rg8 29. Nh6 Rg6 30. e6 Kd8 31. Nf5 h3 32. g3 Bc8 33. Nd4 Rg4 34. e7+
Ke8 35. Nb5 Re4 36. Nxc7+ Kxe7 37. Nxd5+ Kd6 38. Rxe4 1-0

[Event "Xtracon Chess Open 2017"]
[Site "Helsingor DEN"]
[Date "2017.07.29"]
[Round "9.87"]
[White "Andersen, Soren Mikkel"]
[Black "Smeby, Ole"]
[Result "0-1"]
[WhiteElo "2123"]
[BlackElo "1938"]
[WhiteFideId "1411918"]
[BlackFideId "1503677"]
[EventDate "2017.07.22"]

1. d4 Nf6 2. c4 c5 3. d5 b5 4. cxb5 a6 5. f3 g6 6. e4 d6 7. Na3 Bg7 8. Ne2 O-O
9. Nc3 Nbd7 10. Be2 axb5 11. Naxb5 Ba6 12. O-O Qb6 13. Be3 Rfb8 14. b4 Ne8 15.
Rb1 Qd8 16. bxc5 Nxc5 17. Nd4 Rxb1 18. Qxb1 Qa5 19. Rc1 Bxd4 20. Bxd4 Bxe2 21.
Nxe2 Qxa2 22. Qxa2 Rxa2 23. Nc3 Ra5 24. Rb1 f6 25. Rb8 Kf7 26. Nb5 Nd3 27. Na7
Ra2 28. Nc6 Rc2 29. g3 Ne1 30. Rb3 Rc4 31. Bf2 Rc1 32. Bxe1 Rxe1+ 33. Kf2 Rc1
34. Rb7 Rc2+ 35. Kg1 Rc1+ 36. Kg2 Kf8 37. g4 f5 38. gxf5 gxf5 39. Nd4 Rc3 40.
exf5 Nf6 41. Ne6+ Kf7 42. Kg3 Nxd5 43. Ng5+ Kg7 44. h4 h6 45. Ne4 Rc7 46. Rb8
Nf6 47. Nf2 Rc4 48. Nd3 Nh5+ 49. Kh3 Nf4+ 50. Nxf4 Rxf4 51. Kg3 Rxf5 52. Re8 Re5
53. Kf4 Re1 54. Rd8 Kf7 55. Rh8 Re6 56. Rd8 Rf6+ 57. Kg4 e5 58. Rd7+ Ke6 59. Ra7
Kd5 60. h5 Kc5 61. Rc7+ Kb6 62. Rg7 Rf4+ 63. Kg3 Kc5 64. Rg6 d5 65. Rxh6 d4 66.
Rh8 d3 67. Rc8+ Kb4 68. Rc1 d2 69. Rd1 Kc3 70. Kf2 Kd3 71. Rh1 e4 72. h6 Rxf3+
73. Kg2 Rf8 74. h7 Rh8 75. Kg3 e3 76. Rh6 e2 77. Rd6+ Kc2 78. Rc6+ Kd1 0-1

[Event "Xtracon Chess Open 2017"]
[Site "Helsingor DEN"]
[Date "2017.07.29"]
[Round "9.88"]
[White "Johansen, Oivind"]
[Black "Nielsen, Morten Majlund"]
[Result "1/2-1/2"]
[WhiteTitle "FM"]
[WhiteElo "2108"]
[BlackElo "1927"]
[WhiteFideId "1501119"]
[BlackFideId "1445448"]
[EventDate "2017.07.22"]

1. d4 d5 2. c4 e6 3. Nf3 Nf6 4. Nc3 Be7 5. Bg5 h6 6. Bh4 O-O 7. e3 Ne4 8. Bxe7
Qxe7 9. Rc1 Nxc3 10. Rxc3 c6 11. Bd3 dxc4 12. Bxc4 Nd7 13. O-O e5 14. dxe5 Nxe5
15. Nxe5 Qxe5 16. f4 Qe4 17. Qe2 Re8 18. Bd3 Qd5 19. e4 Qd4+ 20. Kh1 Be6 21. f5
Bd5 22. Re1 Rad8 23. h3 b5 24. Bb1 Bc4 25. Qe3 b4 26. Rcc1 f6 27. a3 b3 28. Qc3 1/2-1/2

[Event "Xtracon Chess Open 2017"]
[Site "Helsingor DEN"]
[Date "2017.07.29"]
[Round "9.89"]
[White "Kashwan, Hassan"]
[Black "Nielsen, Andre"]
[Result "0-1"]
[WhiteElo "1892"]
[BlackElo "2094"]
[WhiteFideId "137122555"]
[BlackFideId "1518240"]
[EventDate "2017.07.22"]

1. d4 Nf6 2. Nf3 e6 3. c4 b6 4. Nc3 Bb4 5. Qc2 Bb7 6. Bg5 h6 7. Bd2 O-O 8. a3
Bxc3 9. Bxc3 d6 10. e3 Ne4 11. Nd2 Nxc3 12. Qxc3 Nd7 13. O-O-O c5 14. Kb1 Rc8
15. Rg1 Qf6 16. g4 cxd4 17. exd4 d5 18. h4 Qxh4 19. g5 hxg5 20. Nf3 Qf4 21. Nxg5
Nf6 22. Bd3 dxc4 23. Bc2 Rfd8 24. d5 Rxd5 25. Rxd5 Bxd5 26. Qh3 c3 27. b3 Qxf2
28. Rc1 Bxb3 29. Qd3 Bxc2+ 30. Qxc2 Qxc2+ 31. Kxc2 Nd5 32. Re1 Rc4 33. Ne4 Rd4
34. Kb3 e5 35. Ng5 f6 36. Ne6 Rd2 37. Rg1 b5 38. Rxg7+ Kh8 39. a4 Rb2+ 0-1